5HLuxD.jpg

KING HENRY VIII SENIOR AND PRIMARY SCHOOL LIBRARY OPAC

CELEBRATIONS AROUND THE WORLD (Record no. 4313)

000 -LEADER
fixed length control field 00331nam a22001217a 4500
008 - FIXED-LENGTH DATA ELEMENTS--GENERAL INFORMATION
fixed length control field 250206b ||||| |||| 00| 0 eng d
020 ## - INTERNATIONAL STANDARD BOOK NUMBER
International Standard Book Number 9781482455755
082 ## - DEWEY DECIMAL CLASSIFICATION NUMBER
Classification number 394.26
100 ## - MAIN ENTRY--PERSONAL NAME
Personal name MURPHY,CHARLES
Relator term AUTHOR
245 ## - TITLE STATEMENT
Title CELEBRATIONS AROUND THE WORLD
260 ## - PUBLICATION, DISTRIBUTION, ETC.
Place of publication, distribution, etc. GARETH STEVENS BUILDING
Name of publisher, distributor, etc. GARETH STEVENS PUBLISHING
942 ## - ADDED ENTRY ELEMENTS (KOHA)
Source of classification or shelving scheme

No items available.

Powered By KH8 IT Dept